Managerial Accounting Simplified/ (Record no. 206666)

MARC details
000 -LEADER
fixed length control field 00571nam a2200193 4500
005 - DATE AND TIME OF LATEST TRANSACTION
control field 20241024103957.0
010 ## - LCCN (DPL NO)
LC control number ENG-142391
020 ## - INTERNATIONAL STANDARD BOOK NUMBER
Terms of availability 275.00
International Standard Book Number 9789393734556
035 ## - SYSTEM CONTROL NUMBER
System control number EN-125923
037 ## - SOURCE OF ACQUISITION
Source of stock number/acquisition DBAD
082 ## - DEWEY DECIMAL CLASSIFICATION NUMBER
Classification number 657
100 ## - MAIN ENTRY--PERSONAL NAME
Personal name Njugunda, Charles
245 ## - TITLE STATEMENT
Title Managerial Accounting Simplified/
Remainder of title Charles Njuguna
250 ## - EDITION STATEMENT
Edition statement First
260 ## - PUBLICATION, DISTRIBUTION, ETC. (IMPRINT)
Name of publisher, distributor, etc Exceller Books
Place of publication, distribution, etc Kolkata
Date of publication, distribution, etc 2023
270 ## - ADDRESS
Address G1, Dream Apartment, Degree College Road,Balgharia
City Kolkata
Postal code 700056
300 ## - PHYSICAL DESCRIPTION
Extent 104p.
Dimensions 22cm(pb)
942 ## - ADDED ENTRY ELEMENTS (KOHA)
Source of classification or shelving scheme Dewey Decimal Classification
Item type English Books
Classification part 657
Call number suffix NJU
Edition 2023
Holdings
Withdrawn status Lost status Not for loan Collection code Home library Current library Date acquired Source of acquisition Cost, normal purchase price Full call number Barcode Copy number Cost, replacement price Koha item type
      Non-fiction Central Library Central Library 24/10/2024 DBAD 275.00 657 NJU EN-125923 1 275.00 English Books

© Delhi Public Library
Hit Counter
free hit counter